000
00316nam a2200109Ia 4500
008
200302s9999 xx 000 0 und d
100
_a
A. K. Chatterjee
245
_a
Contemporary Urban Architecture A Design Approach A Study of Bombay
260
_b
The Macmillan Co. of India Ltd.
260
_c
1977
300
_a
126 P.,
999
_c
5249
_d
5249